Rolling Sky Levels - Statistics

General Stats
  • This quiz has been taken 189 times
  • The average score is 34 of 85
Answer Stats
Level/ Bonus Answer % Correct
Tutorial Cloud
88%
1 Massif
88%
2 Sky
84%
5 Volcano
77%
4 Desert
75%
6 City
73%
8 Tetris
67%
7 Sci-Tech
65%
Bonus 10 Hoop Dream
55%
Bonus 1 illusion
55%
16 1UP
53%
Bonus 4 8bit
53%
Bonus 5 Matrix
53%
13 Christmas
52%
11 Halloween
52%
17 Cube
50%
20 Relics
49%
EDM 2 (30) Faded
48%
EDM 1 (29) Alone
47%
Bonus 6 JOKER
47%
Bonus 2 Monody
47%
19 Reggae
47%
21 Street Basketball
47%
10 Castle In The Sky
46%
18 Poker
46%
14 Deep Space
45%
Bonus 3 Candy
44%
53 Monster City
44%
Bonus 19 Anniversary
43%
31 Happy Birthday
43%
Bonus 26 Sunny
43%
Bonus 7 Mental Rave
42%
15 Kung Fu
41%
25 Neon
41%
44 The 4th Anniversary
41%
Bonus 15 Clown Park
40%
26 Egypt
39%
12 Ghost Dance
39%
27 Circus
38%
33 Faster
37%
51 Steam Era
37%
Bonus 14 The Eye Of Horus
37%
50 The Sea
37%
Bonus 37 The Shadow Warrior
36%
52 Ghost Warrior
35%
28 World Cup
35%
Bonus 17 Alone Remix
34%
Bonus 22 Lost City
33%
Bonus 27 Unlock The Future
33%
Bonus 29 Birthday Party
32%
Bonus 24 Championship
32%
Bonus 12 Laser
32%
Bonus 36 Mechanical Power
32%
Bonus 35 Sea World
32%
Bonus 33 Stars
32%
Bonus 13 Dazzle
31%
Bonus 25 Digital Matrix
31%
41 Dynamic Cube
31%
Bonus 16 Football Field
31%
22 Midnight Carnival
31%
Bonus 11 The Winter
31%
42 VR Fairyland
31%
Bonus 9 Halloween Escape
30%
Bonus 31 Morning Dawn
30%
46 Sunset Glow
30%
Bonus 28 Beat Party
29%
Bonus 21 Christmas Gospel
29%
34 Golden Christmas
29%
40 Microchip
29%
38 American Football
28%
Bonus 34 Fantastic Sweet House
28%
48 Kepler's Dream
28%
36 Spring Festival
28%
49 Delicacy Temptation
26%
32 Halloween Night
25%
45 Monster Chorus
25%
Bonus 20 Skeleton Party
25%
23 Varying Christmas
25%
Bonus 32 Aurora Tour
24%
39 Naval Battle
24%
43 Psychedelic Music
23%
Bonus 30 Trick Or Treat
23%
Bonus 8 Fairy Tales
15%
47 Reindeer Gift
14%
9 E-labyrynth
11%
No matching quizzes found
Score Distribution
Percent of People with Each Score
Percentile by Number Answered
Your Score History
You have not taken this quiz